| 000 | 00565nam a22001937a 4500 | ||
|---|---|---|---|
| 003 | NUST | ||
| 005 | 20230126151215.0 | ||
| 008 | 190710b ||||| |||| 00| 0 eng d | ||
| 020 | _qHardcover. | ||
| 038 | _aMr. Zahoor | ||
| 082 | _a510 | ||
| 100 |
_aIqbal, Naveed _917247 |
||
| 245 |
_aPropagation of plane Waves In Initially - Stressed Elastic Materials _cNaveed Iqbal |
||
| 260 |
_aIslamabad : _bSNS - NUST, _c2014. |
||
| 300 |
_av, 47 p. : _c30cm. |
||
| 650 |
_aMathematics - M.Phil Thesis _916594 |
||
| 700 |
_aDr. Moniba Shams _916842 |
||
| 942 |
_2ddc _cTHE |
||
| 999 |
_c526277 _d526277 |
||